[Event "Berlin-ch Seniors op 39th"]
[Site "Berlin"]
[Date "2023.01.31"]
[Round "8"]
[White "Seils, Ralf"]
[Black "Desoye, Gernot"]
[Result "1-0"]
[WhiteElo "1932"]
[BlackElo "1812"]
[PlyCount "69"]
[EventDate "2023.01.24"]
[EventType "swiss"]
[EventRounds "9"]
[EventCountry "GER"]
[SourceTitle "CBM 212 Extra"]
[Source "ChessBase"]
[SourceDate "2023.03.31"]
[SourceVersion "1"]
[SourceVersionDate "2023.03.31"]
[SourceQuality "1"]

1. b4 e5 2. Bb2 d6 3. e3 Nf6 4. Nf3 Be7 5. Be2 0-0 6. 0-0 Be6 7. b5 Nbd7 8. c4 c6 9. a4 Rc8 10. d4 Qc7 11. Nc3 e4 12. Nd2 d5 13. Qb3 Bd6 14. h3 Rfd8 15. bxc6 bxc6 16. cxd5 cxd5 17. Nb5 Qc2 18. Nxd6 Qxb3 19. Nxb3 Rc2 20. Bb5 Rxb2 21. Na5 Rb8 22. Nc6 Rb6 23. Nc8 Rb7 24. N6xa7 Nb6 25. Rfc1 Nc4 26. Ba6 Rb8 27. Ne7+ Kf8 28. Nxd5 Nd2 29. Nxf6 gxf6 30. Nc6 R8b6 31. Bb5 Bd5 32. Na5 Rb4 33. Rc8+ Kg7 34. Rac1 Be6 35. R8c2 1-0

[Event "Berlin-ch Seniors op 39th"]
[Site "Berlin"]
[Date "2023.01.29"]
[Round "6"]
[White "Seils, Ralf"]
[Black "Wallmann, Bodo"]
[Result "1/2-1/2"]
[WhiteElo "1932"]
[BlackElo "1827"]
[PlyCount "34"]
[EventDate "2023.01.24"]
[EventType "swiss"]
[EventRounds "9"]
[EventCountry "GER"]
[SourceTitle "CBM 212 Extra"]
[Source "ChessBase"]
[SourceDate "2023.03.31"]
[SourceVersion "1"]
[SourceVersionDate "2023.03.31"]
[SourceQuality "1"]

1. b4 d5 2. Bb2 e6 3. e3 Nf6 4. b5 Be7 5. Nf3 0-0 6. Be2 Nbd7 7. 0-0 c5 8. c4 b6 9. d4 Bb7 10. Nbd2 Ne4 11. a4 Bf6 12. Nb3 a5 13. Rc1 Rc8 14. Ba3 Be7 15. dxc5 Nexc5 16. Nxc5 Nxc5 17. Nd4 Ne4 1/2-1/2

[Event "Berlin-ch Seniors op 39th"]
[Site "Berlin"]
[Date "2023.01.28"]
[Round "5"]
[White "Villuela, Roberto"]
[Black "Seils, Ralf"]
[Result "1/2-1/2"]
[WhiteElo "1729"]
[BlackElo "1932"]
[PlyCount "67"]
[EventDate "2023.01.24"]
[EventType "swiss"]
[EventRounds "9"]
[EventCountry "GER"]
[SourceTitle "CBM 212 Extra"]
[Source "ChessBase"]
[SourceDate "2023.03.31"]
[SourceVersion "1"]
[SourceVersionDate "2023.03.31"]
[SourceQuality "1"]

1. Nf3 Nf6 2. c4 g6 3. b4 Bg7 4. Bb2 0-0 5. g3 d5 6. cxd5 Qxd5 7. Bg2 Qb5 8. a3 a5 9. Nc3 Qb6 10. 0-0 axb4 11. axb4 Rxa1 12. Qxa1 Qxb4 13. Ba3 Qb6 14. Bxe7 Re8 15. Rb1 Qe6 16. Ba3 Ne4 17. Bb2 Na6 18. Nxe4 Bxb2 19. Qxb2 Qxe4 20. e3 c6 21. d4 Qe7 22. Qc3 Nc7 23. Ne5 f6 24. Nd3 Nb5 25. Qc5 Bf5 26. Qxe7 Rxe7 27. Rb3 Be6 28. d5 Bf7 29. Rb4 Be8 30. dxc6 bxc6 31. Re4 Kf7 32. Rxe7+ Kxe7 33. Kf1 Kd6 34. Ke1 1/2-1/2

[Event "Berlin-ch Seniors op 36th"]
[Site "Berlin"]
[Date "2020.02.05"]
[Round "8.18"]
[White "Stein, Siegfried"]
[Black "Seils, Ralf"]
[Result "0-1"]
[WhiteElo "1798"]
[BlackElo "1930"]
[PlyCount "42"]
[EventDate "2020.01.28"]
[EventType "swiss"]
[EventRounds "9"]
[EventCountry "GER"]
[SourceTitle "EXT 2024"]
[Source "ChessBase"]
[SourceDate "2023.10.10"]
[SourceVersion "1"]
[SourceVersionDate "2023.10.10"]
[SourceQuality "1"]

1. e4 c5 2. d4 cxd4 3. c3 dxc3 4. Nxc3 e6 5. Nf3 Bb4 6. Bd2 Nf6 7. Bd3 d5 8. e5 Bxc3 9. Bxc3 Nfd7 10. Bb4 Nc6 11. Bd6 Qa5+ 12. Kf1 Nc5 13. Be2 Ne4 14. Ba3 Qb6 15. Qe1 Nd4 16. Rc1 Bd7 17. Nxd4 Qxd4 18. h4 Qxe5 19. Rh3 Qf4 20. Rc2 e5 21. g3 Bxh3+ 0-1

[Event "GER-ch Seniors 50 31st"]
[Site "Radebeul"]
[Date "2019.04.26"]
[Round "1"]
[White "Seils, Ralf"]
[Black "Mueller, Michael"]
[Result "0-1"]
[WhiteElo "1954"]
[BlackElo "2163"]
[PlyCount "162"]
[EventDate "2019.04.26"]
[EventType "swiss"]
[EventRounds "9"]
[EventCountry "GER"]
[SourceTitle "CBM 190 Extra"]
[Source "ChessBase"]
[SourceDate "2019.07.15"]
[SourceVersion "1"]
[SourceVersionDate "2019.07.15"]
[SourceQuality "1"]

1. b4 d5 2. Bb2 Nf6 3. e3 Bf5 4. b5 e6 5. Nf3 Bd6 6. Be2 h6 7. 0-0 Nbd7 8. c4 0-0 9. Nc3 c6 10. bxc6 bxc6 11. Nd4 Bxh2+ 12. Kxh2 Qb8+ 13. Kg1 Qxb2 14. Nxc6 Qa3 15. Nb5 Qc5 16. cxd5 Bc2 17. Qc1 Nxd5 18. Nbd4 Bh7 19. Qb2 e5 20. Rfc1 Qb6 21. Qxb6 axb6 22. Nb5 Rfe8 23. d4 exd4 24. Ncxd4 N7f6 25. Rc6 Reb8 26. a3 Nb4 27. Rc7 Nbd5 28. Rc6 Rd8 29. Rac1 Bg6 30. Bf3 Kh7 31. Ra1 Ra4 32. Nd6 Rb8 33. N4b5 Bd3 34. Nd4 b5 35. Rc5 Ne7 36. Nxf7 Ng6 37. Nc6 Rc8 38. Nd6 Rc7 39. Rc3 Ne5 40. Rac1 Nxc6 41. Rxd3 Ne5 42. Rxc7 Nxd3 43. Rc3 Ne5 44. Be2 b4 45. axb4 Ra1+ 46. Bf1 Rd1 47. Nf5 Ne4 48. Rc2 Nd2 49. Rxd2 Rxd2 50. Ng3 Rd1 51. f3 g6 52. Kf2 Rd2+ 53. Ke1 Rb2 54. b5 Nd7 55. Bd3 Rxg2 56. Ne4 Rb2 57. Ng3 Kg7 58. Ne2 Ne5 59. Be4 Rxb5 60. Kf2 Rb2 61. f4 Nc4 62. Bd5 Nb6 63. Bf3 Kf6 64. Kg3 g5 65. Nc3 Nc4 66. Nd5+ Kg7 67. f5 Ne5 68. Bh5 Nd7 69. Bg6 Nf6 70. Nc7 h5 71. Ne6+ Kh6 72. Nd8 Rb4 73. Nf7+ Kg7 74. Nd6 h4+ 75. Kh3 Rb3 76. Nf7 Rxe3+ 77. Kh2 Ng4+ 78. Kg2 Rg3+ 79. Kh1 h3 80. Nxg5 Nf2+ 81. Kh2 Rg2# 0-1

[Event "Berlin-ch Seniors op 35th"]
[Site "Berlin"]
[Date "2019.01.31"]
[Round "3"]
[White "Seils, Ralf"]
[Black "Richter, Hans Peter"]
[Result "0-1"]
[WhiteElo "1948"]
[BlackElo "2079"]
[PlyCount "42"]
[EventDate "2019.01.29"]
[EventType "swiss"]
[EventRounds "9"]
[EventCountry "GER"]
[SourceTitle "CBM 189 Extra"]
[Source "ChessBase"]
[SourceDate "2019.06.03"]
[SourceVersion "1"]
[SourceVersionDate "2019.06.03"]
[SourceQuality "1"]

1. b4 Nf6 2. Bb2 e6 3. b5 a6 4. a4 d5 5. e3 axb5 6. axb5 Rxa1 7. Bxa1 Nbd7 8. Nf3 Bd6 9. Be2 c5 10. c4 Qc7 11. d4 0-0 12. 0-0 b6 13. Nc3 Bb7 14. h3 dxc4 15. Bxc4 cxd4 16. Qxd4 e5 17. Qh4 e4 18. Nd2 Ne5 19. Be2 Ng6 20. Qg5 h6 21. Qf5 Ne7 0-1

[Event "Berlin-ch Seniors op 34th"]
[Site "Berlin"]
[Date "2018.02.02"]
[Round "4"]
[White "Schneider, Eckehard"]
[Black "Seils, Ralf"]
[Result "1/2-1/2"]
[WhiteElo "1842"]
[BlackElo "2021"]
[PlyCount "59"]
[EventDate "2018.01.30"]
[EventType "swiss"]
[EventRounds "9"]
[EventCountry "GER"]
[SourceTitle "EXT 2020"]
[Source "ChessBase"]
[SourceDate "2019.10.17"]
[SourceVersion "1"]
[SourceVersionDate "2019.10.17"]
[SourceQuality "1"]

1. e4 c5 2. c3 d5 3. exd5 Qxd5 4. d4 Nf6 5. Nf3 Bg4 6. Be2 cxd4 7. cxd4 e6 8. 0-0 Be7 9. Nc3 Qa5 10. Qb3 Qb4 11. Qxb4 Bxb4 12. Nb5 Na6 13. a3 Be7 14. h3 Bh5 15. Bf4 0-0 16. Rac1 Nd5 17. Bd2 Rfc8 18. Rxc8+ Rxc8 19. Rc1 Ra8 20. g4 Bg6 21. Ne5 f6 22. Nxg6 hxg6 23. Bd3 f5 24. g5 Kf7 25. Kg2 Ke8 26. Bc4 Nac7 27. Re1 Kd7 28. Nxc7 Nxc7 29. Bf4 Bd6 30. Be5 1/2-1/2

[Event "Berlin-ch Seniors op 34th"]
[Site "Berlin"]
[Date "2018.02.01"]
[Round "3"]
[White "Seils, Ralf"]
[Black "Cichon, Joerg"]
[Result "1-0"]
[WhiteElo "2021"]
[BlackElo "1815"]
[PlyCount "59"]
[EventDate "2018.01.30"]
[EventType "swiss"]
[EventRounds "9"]
[EventCountry "GER"]
[SourceTitle "EXT 2020"]
[Source "ChessBase"]
[SourceDate "2019.10.17"]
[SourceVersion "1"]
[SourceVersionDate "2019.10.17"]
[SourceQuality "1"]

1. b4 Nf6 2. Bb2 g6 3. e3 Bg7 4. Nf3 d5 5. c4 dxc4 6. Bxc4 0-0 7. 0-0 a6 8. a4 Nbd7 9. d4 b6 10. b5 a5 11. Nbd2 Bb7 12. Qb3 Rc8 13. Rac1 Nb8 14. Ne5 e6 15. Ndf3 Bd5 16. h3 Ne4 17. Rc2 f6 18. Nd3 Rf7 19. Nf4 c5 20. Nxe6 Bxc4 21. Qxc4 Qd6 22. dxc5 Nxc5 23. Nfd4 Nbd7 24. Nxg7 Kxg7 25. Nc6 Ne5 26. Nxe5 fxe5 27. Qg4 Rcf8 28. f4 Kg8 29. Rd1 Nd3 30. Bxe5 1-0

[Event "Berlin-ch Seniors op 34th"]
[Site "Berlin"]
[Date "2018.01.30"]
[Round "1"]
[White "Seils, Ralf"]
[Black "Wischeropp, Bernd"]
[Result "1/2-1/2"]
[WhiteElo "2021"]
[BlackElo "1737"]
[PlyCount "40"]
[EventDate "2018.01.30"]
[EventType "swiss"]
[EventRounds "9"]
[EventCountry "GER"]
[SourceTitle "EXT 2020"]
[Source "ChessBase"]
[SourceDate "2019.10.17"]
[SourceVersion "1"]
[SourceVersionDate "2019.10.17"]
[SourceQuality "1"]

1. b4 Nf6 2. Bb2 e6 3. b5 d5 4. e3 Bd7 5. Nf3 a6 6. a4 axb5 7. axb5 Rxa1 8. Bxa1 Bd6 9. Be2 0-0 10. 0-0 Ne4 11. c4 dxc4 12. Bxc4 Ng5 13. d4 Nxf3+ 14. Qxf3 Bc8 15. Nd2 Nd7 16. e4 e5 17. dxe5 Nxe5 18. Qg3 Ng6 19. e5 Be7 20. Qb3 Qxd2 1/2-1/2

[Event "Berlin-ch Seniors op 33rd"]
[Site "Berlin"]
[Date "2017.02.04"]
[Round "5"]
[White "Seils, Ralf"]
[Black "Steiger, Michael"]
[Result "1/2-1/2"]
[WhiteElo "1824"]
[BlackElo "1999"]
[PlyCount "26"]
[EventDate "2017.01.31"]
[EventType "swiss"]
[EventRounds "9"]
[EventCountry "GER"]
[SourceTitle "EXT 2019"]
[Source "ChessBase"]
[SourceDate "2018.10.10"]
[SourceVersion "1"]
[SourceVersionDate "2018.10.10"]
[SourceQuality "1"]

1. b4 e5 2. Bb2 Bd6 3. c4 c6 4. c5 Bc7 5. d4 Qe7 6. e3 Nf6 7. dxe5 Bxe5 8. Bxe5 Qxe5 9. Nd2 d5 10. cxd6 Qxd6 11. a3 0-0 12. Ngf3 Be6 13. Be2 Nbd7 1/2-1/2

[Event "Berlin-ch Seniors op 33rd"]
[Site "Berlin"]
[Date "2017.02.01"]
[Round "2"]
[White "Seils, Ralf"]
[Black "Albrecht, Rainer"]
[Result "1/2-1/2"]
[WhiteElo "1824"]
[BlackElo "2038"]
[PlyCount "40"]
[EventDate "2017.01.31"]
[EventType "swiss"]
[EventRounds "9"]
[EventCountry "GER"]
[SourceTitle "EXT 2019"]
[Source "ChessBase"]
[SourceDate "2018.10.10"]
[SourceVersion "1"]
[SourceVersionDate "2018.10.10"]
[SourceQuality "1"]

1. b4 d5 2. Bb2 Bf5 3. e3 e6 4. Nf3 h6 5. b5 Nf6 6. Be2 a6 7. a4 axb5 8. axb5 Rxa1 9. Bxa1 Bd6 10. 0-0 0-0 11. c4 c6 12. d4 dxc4 13. Bxc4 cxb5 14. Bxb5 Qa5 15. Qa4 Qxa4 16. Bxa4 Rc8 17. Nc3 Ne4 18. Nb5 Bb4 19. Na7 Rc7 20. Nb5 Rc8 1/2-1/2